044_ Personnalités nées un 13 février par images - Statistiques

Statistiques générales
  • Ce quiz a été pris 38 fois
  • Le résultat moyen est 3 sur 9
Statistiques - réponses
Par images Hint Réponse % Correct
Chanteur Vianney
100%
Chanteur Robbie Williams
55%
Comédienne Dorothée Pousséo
26%
Dirgeant Politique Paul Deschanel
21%
Judokate et Animatrice Céline Géraud
18%
Écrivain Georges Simenon
16%
Youtubeur El Rubius
8%
Dirigeant Politique Paul Biya
8%
Producteur Alain Poiré
3%
Aucun quiz correspondant
Distribution des résultats
% des personnes avec chaque résultat
Percentile par nombre de réponses
Votre historique - résultats
Vous n’avez pas pris ce quiz